Territorios dependientes de Europa - Estadísticas

Estadísticas generales
  • Esta prueba ha sido intentada 20 veces
  • La puntuación promedio es 9 de 13
Estadísticas de respuestas
Grupo Territorio % Correcto
Dependencias del Reino de Dinamarca Islas Feroe
94%
Países con reconocimiento parcial Kosovo
94%
Dependencias del Reino Unido Gibraltar
88%
Dependencias de Finlandia Aland
75%
Dependencias de la Corona Británica Isla de Man
75%
Dependencias de Noruega Svalbard (y Jan Mayen)
75%
Dependencias de la Corona Británica Guernsey
69%
Dependencias de la Corona Británica Jersey
69%
Países no reconocidos Transnistria
69%
Países transcontinentales no reconocidos Osetia del Sur
56%
Países transcontinentales no reconocidos Abjasia
50%
Países transcontinentales no reconocidos Chipre del Norte
50%
Dependencias transcontinentales del Reino Unido Acrotiri y Dhekelia
31%
No se encontraron pruebas coincidentes
Distribución de puntuación
Porcentaje de gente con cada puntuación
Porcentaje por número respondido
Historial de tus puntuaciones
No has intentado esta prueba.